000 01916nam a2200505 a 4500
001 21712
003 VRT
005 20260309100845.0
008 240801s2004 xo a j 000 f slo
015 _aSNBA2005/04-01210
020 _a8055108331
_q(viaz.)
035 _aSNK000437917
035 _aurn:nbn:sk:snk-am3hq4v
035 _a6FE3B3B5-B054-498A-AB74-4F5A7DF24ABA
035 _aurn:nbn:sk:snk-am00cthm
039 9 _a202512032029
_bcsnk01
_c202408131137
_dAUTHORITY
_c202408131136
_dAUTHORITY
_c202408011116
_dVLOAD
040 _aSNK
_bslo
_cSNK
_eAACR2
041 1 _aslo
_hcze
044 _axo
_cSK
072 7 _a821.162.3-3
_xČeská próza
_2konspekt
072 7 _a821-93
_xLiteratúra pre deti a mládež
_2konspekt
080 _a821-93
_2MDT-MRF
080 _a(0:82-34)
_2MDT-MRF
080 _a821.162.2-34
_2MDT-MRF
100 1 _aMiler, Zdeněk,
_d1921-2011
_4ill
240 1 0 _aJak krtek uzdravil myšku
_lSlovensky
245 1 0 _aAko krtko vyliečil myšku
_cnámet a ilustrácie Zdeněk Miler ; napísala Hana Doskočilová ; [preklad Nataša Ďurinová]
250 _a1. vyd.
260 _aBratislava
_bIkar
_c2004
300 _a85 s.
_bfareb. ilustr.
_c27 cm
655 7 _ačeské rozprávky
_2SNKPH
655 7 _ačeské príbehy
_2SNKPH
655 7 _aliteratúra pre deti
_2SNKPH
700 1 _aDoskočilová, Hana,
_d1936-2019
_4aut
700 1 _aĎurinová, Nataša,
_d1955-
_4trl
942 _2ddc
_cKLDE
_n0
949 _62889748617
_asavukPV 7664
949 _64710710677
_astrmkM
_bstrmk2011/10677
949 _617A0444189
_9P60, <03>, [BOOK], {603}, -K-
_asnkSB 69302
_bsnkKSP 12664/2004
_s6100:20160606
949 _617A0450355
_9P60, <04>, [BOOK], {604}
_asnkSB 69302 D1
_bsnkKSP 14221/2004
949 _6273K0484691
_91
_asvkpoC 44263
_bsvkpo479104
949 _63869A08853
_abpksh087.5
_bbpksh51444
999 _c21712
_d21712